[Event "EWICC 2019"]
[Site "Antalya"]
[Date "2019.04.11"]
[Round "1.1"]
[White "Goryachkina, Aleksandra"]
[Black "Calzetta Ruiz, Monica"]
[Result "1/2-1/2"]
[WhiteElo "2534"]
[BlackElo "2283"]
[Annotator "RC"]
[PlyCount "99"]
[EventDate "2019.04.11"]
[EventType "swiss"]
[EventCountry "TUR"]
[SourceTitle "playchess.com"]
[Source "ChessBase"]
[SourceQuality "1"]

1. d4 Nf6 2. c4 c5 3. d5 b5 4. cxb5 a6 5. bxa6 g6 6. Nc3 Bg7 7. e4 O-O 8. Be2 Qa5 9. Bd2 Bxa6 10. e5 Ne8 11. Nf3 d6 12. e6 fxe6 13. Ng5 Rf5 14. Nxe6 Bxe2 15. Nxe2 Qa6 16. Nxg7 Nxg7 17. O-O Rxd5 18. Nf4 Rd4 19. Qb3+ c4 20. Qc2 Nc6 21. Be3 Rf8 22. Ne2 Rh4 23. Bg5 Rg4 24. f4 Nf5 25. Qe4 Qb6+ 26. Kh1 h6 27. Bxh6 Nxh6 28. h3 Kg7 29. Rac1 Nf5 30. Rxc4 Ne5 31. Rc3 Rh4 32. Rb3 Qa6 33. Ra3 Qc4 34. Qxc4 Nxc4 35. Rc3 Nxb2 36. g4 Nh6 37. Kg2 Nf7 38. Rb1 Na4 39. Rc7 Nc5 40. Rxe7 Ra8 41. Rb2 Ra3 42. Ng1 Rh8 43. Nf3 Nd3 44. Ng5 Nxb2 45. Rxf7+ Kg8 46. Rb7 Nd3 47. Rb8+ Kg7 48. Rb7+ Kg8 49. Rb8+ Kg7 50. Rb7+ 1/2-1/2

[Event "EWICC 2019"]
[Site "Antalya"]
[Date "2019.04.11"]
[Round "1.2"]
[White "Yildiz Kadioglu, Betul Cemre"]
[Black "Dzagnidze, Nana"]
[Result "0-1"]
[WhiteElo "2281"]
[BlackElo "2513"]
[Annotator "TA"]
[PlyCount "72"]
[EventDate "2019.04.11"]
[EventType "swiss"]
[EventCountry "TUR"]
[SourceTitle "playchess.com"]
[Source "ChessBase"]
[SourceQuality "1"]

1. d4 d5 2. c4 e6 3. Nf3 Nf6 4. e3 a6 5. Nbd2 c5 6. Bd3 Nc6 7. dxc5 Bxc5 8. O-O O-O 9. cxd5 exd5 10. a3 a5 11. h3 Qe7 12. Nb3 Bd6 13. Nbd4 Ne4 14. Nb5 Bb8 15. b3 Ne5 16. Nbd4 Nxd3 17. Qxd3 Ra6 18. Bb2 Rg6 19. Kh1 Qd6 20. Nb5 Qd7 21. Ne5 Qf5 22. Qxd5 Nxf2+ 23. Rxf2 Qxf2 24. Nxg6 hxg6 25. Qd4 f6 26. Qc4+ Kh7 27. Bc3 Qg3 28. Kg1 Qxe3+ 29. Kf1 Be6 30. Qd4 Qg5 31. a4 Bxb3 32. Bxa5 Be5 33. Qb4 Qf5+ 34. Kg1 Bxa1 35. Qxf8 Bxa4 36. Nd6 Bd4+ 0-1

[Event "EWICC 2019"]
[Site "Antalya"]
[Date "2019.04.11"]
[Round "1.3"]
[White "Khotenashvili, Bela"]
[Black "Mamedjarova, Zeinab"]
[Result "1-0"]
[WhiteElo "2479"]
[BlackElo "2280"]
[Annotator "TA"]
[PlyCount "72"]
[EventDate "2019.04.11"]
[EventType "swiss"]
[EventCountry "TUR"]
[SourceTitle "playchess.com"]
[Source "ChessBase"]
[SourceQuality "1"]

1. d4 Nf6 2. c4 e6 3. g3 d5 4. Nf3 dxc4 5. Bg2 Bb4+ 6. Nc3 O-O 7. O-O c5 8. dxc5 Bxc5 9. Ne5 Qe7 10. Qa4 Rd8 11. Qxc4 h6 12. Bf4 Nh5 13. Be3 Bxe3 14. fxe3 Nd7 15. Qc7 Nhf6 16. Rad1 Re8 17. Nxd7 Bxd7 18. Rxf6 Qxf6 19. Rxd7 Rac8 20. Qf4 Qxf4 21. exf4 a5 22. Bxb7 Rc4 23. Ba6 Rb4 24. b3 Ra8 25. Bd3 Rc8 26. Ra7 g5 27. Ne4 gxf4 28. gxf4 a4 29. bxa4 Rc1+ 30. Kg2 Ra1 31. a5 Rxa2 32. a6 Ra5 33. Kf3 h5 34. Nd6 f5 35. Rb7 Rd4 36. Nc8 Raa4 1-0

[Event "EWICC 2019"]
[Site "Antalya"]
[Date "2019.04.11"]
[Round "1.4"]
[White "Sandu, Mihaela"]
[Black "Kashlinskaya, Alina"]
[Result "0-1"]
[WhiteElo "2278"]
[BlackElo "2477"]
[Annotator "ChessBase"]
[PlyCount "108"]
[EventDate "2019.04.11"]
[EventType "swiss"]
[EventCountry "TUR"]
[SourceTitle "playchess.com"]
[Source "ChessBase"]
[SourceQuality "1"]

1. e4 e5 2. Nf3 Nc6 3. Bc4 Bc5 4. d3 Nf6 5. c3 a6 6. Nbd2 d6 7. Bb3 Ba7 8. O-O O-O 9. h3 h6 10. Re1 Re8 11. Nf1 Be6 12. Bc2 d5 13. exd5 Nxd5 14. Ng3 Qd6 15. Nh4 Qe7 16. Nf3 Rad8 17. Qe2 Qd6 18. Qe4 Nf6 19. Qh4 Bc8 20. Bd2 Nd5 21. Re2 Qe7 22. Qxe7 Rxe7 23. Rae1 Rde8 24. Bb3 Nf6 25. Ba4 b5 26. Bc2 Bb6 27. Bb3 Be6 28. Bxe6 Rxe6 29. Kf1 Nd5 30. Nf5 h5 31. Ng5 Rf6 32. Ng3 h4 33. N3e4 Rf5 34. g4 hxg3 35. Nxg3 Rf6 36. d4 Rf8 37. N3e4 Rg6 38. h4 exd4 39. h5 Rh6 40. Ng3 dxc3 41. bxc3 Rd6 42. N3e4 Rdd8 43. f4 Rfe8 44. f5 Na5 45. h6 gxh6 46. Nf3 Nc4 47. Bxh6 f6 48. Rg2+ Kh8 49. Rh2 Re7 50. Nh4 Rh7 51. Ng6+ Kg8 52. Rh5 Be3 53. Rd1 Kf7 54. Nxf6 Kxf6 0-1

[Event "EWICC 2019"]
[Site "Antalya"]
[Date "2019.04.11"]
[Round "1.5"]
[White "Stefanova, Antoaneta"]
[Black "Styazhkina, Anna"]
[Result "1-0"]
[WhiteElo "2464"]
[BlackElo "2274"]
[Annotator "ChessBase"]
[PlyCount "99"]
[EventDate "2019.04.11"]
[EventType "swiss"]
[EventCountry "TUR"]
[SourceTitle "playchess.com"]
[Source "ChessBase"]
[SourceQuality "1"]

1. Nf3 d5 2. c4 c6 3. g3 Bg4 4. Bg2 e6 5. cxd5 Bxf3 6. Bxf3 cxd5 7. O-O Nf6 8. Nc3 Nc6 9. d4 Be7 10. e3 O-O 11. Qe2 Qd7 12. Bg2 Rac8 13. Bd2 a6 14. Na4 Nxd4 15. Qd1 Ne2+ 16. Kh1 Qc6 17. a3 b5 18. Qxe2 bxa4 19. Rfc1 Qb5 20. Qxb5 axb5 21. Bf1 Ne4 22. Be1 Bf6 23. f3 Ng5 24. Bb4 Bxb2 25. Rxc8 Rxc8 26. Ra2 Bc1 27. Kg2 e5 28. Kf2 Ne6 29. Bxb5 d4 30. exd4 exd4 31. Ke2 Rd8 32. Kd3 Ra8 33. Bc6 Ra6 34. Rc2 Bg5 35. Bb7 Ra7 36. Rc8+ Nd8 37. Bc6 g6 38. Bc5 Ra6 39. Bb5 Re6 40. Bxd4 Be7 41. Ra8 Rd6 42. Kc4 Bf8 43. Bxa4 Ne6 44. Bc3 Nc7 45. Rb8 Ra6 46. Bb5 Ra7 47. a4 f5 48. Bd4 Nxb5 49. Bxa7 Nxa7 50. Kd5 1-0

[Event "EWICC 2019"]
[Site "Antalya"]
[Date "2019.04.11"]
[Round "1.6"]
[White "Sedina, Elena"]
[Black "Cornette, Deimante"]
[Result "1-0"]
[WhiteElo "2271"]
[BlackElo "2464"]
[Annotator "TA"]
[PlyCount "29"]
[EventDate "2019.04.11"]
[EventType "swiss"]
[EventCountry "TUR"]
[SourceTitle "playchess.com"]
[Source "ChessBase"]
[SourceQuality "1"]

1. e4 e6 2. d4 d5 3. Nd2 Be7 4. Bd3 c5 5. dxc5 Bxc5 6. exd5 Qxd5 7. Ngf3 Nf6 8. O-O Nc6 9. Qe2 Bd7 10. Ne4 Nxe4 11. Bxe4 Qh5 12. Rd1 Be7 13. Rxd7 Kxd7 14. Bxc6+ Kc8 15. Qe4 1-0

[Event "EWICC 2019"]
[Site "Antalya"]
[Date "2019.04.11"]
[Round "1.7"]
[White "Sebag, Marie"]
[Black "Fataliyeva, Ulviyya"]
[Result "1-0"]
[WhiteElo "2461"]
[BlackElo "2266"]
[Annotator "ChessBase"]
[PlyCount "127"]
[EventDate "2019.04.11"]
[EventType "swiss"]
[EventCountry "TUR"]
[SourceTitle "playchess.com"]
[Source "ChessBase"]
[SourceQuality "1"]

1. e4 e6 2. d4 d5 3. Nd2 Be7 4. exd5 exd5 5. Bd3 Nf6 6. h3 O-O 7. Ngf3 c5 8. dxc5 Bxc5 9. O-O Qd6 10. Nb3 Bb6 11. Nbd4 Bd7 12. Re1 Na6 13. Be3 Nc5 14. Nb5 Bxb5 15. Bxb5 Ne6 16. Nd4 Qb4 17. Nxe6 fxe6 18. Bxb6 axb6 19. Bd3 Rae8 20. b3 g6 21. c4 d4 22. Be4 Rd8 23. Qd3 Rd7 24. Rad1 Nh5 25. g3 Ng7 26. Bg2 Rfd8 27. Re5 Qc3 28. Rb5 Qxd3 29. Rxd3 Rd6 30. Bxb7 R8d7 31. Be4 Rc7 32. a4 Ne8 33. a5 bxa5 34. c5 Rd8 35. Rxa5 Nf6 36. f3 Nxe4 37. fxe4 e5 38. b4 Rb8 39. Rb3 Kg7 40. Kg2 h5 41. g4 hxg4 42. hxg4 Kh6 43. c6 Rxc6 44. Rxe5 Ra8 45. Rh3+ Kg7 46. Rf3 Rc2+ 47. Kg3 Raa2 48. Rd5 Rg2+ 49. Kf4 Ra7 50. Rxd4 Rf7+ 51. Ke3 Rxg4 52. Rxf7+ Kxf7 53. e5 Rg3+ 54. Ke4 Ke6 55. Rd6+ Ke7 56. b5 Rb3 57. b6 Rb4+ 58. Kd5 g5 59. Kc5 Rb1 60. Rg6 Rc1+ 61. Kd5 Rd1+ 62. Kc6 Rc1+ 63. Kb7 Rg1 64. Kc7 1-0

[Event "EWICC 2019"]
[Site "Antalya"]
[Date "2019.04.11"]
[Round "1.8"]
[White "Mikadze, Miranda"]
[Black "Girya, Olga"]
[Result "1/2-1/2"]
[WhiteElo "2266"]
[BlackElo "2461"]
[Annotator "TA"]
[PlyCount "47"]
[EventDate "2019.04.11"]
[EventType "swiss"]
[EventCountry "TUR"]
[SourceTitle "playchess.com"]
[Source "ChessBase"]
[SourceQuality "1"]

1. e4 c6 2. d4 d5 3. e5 Bf5 4. h4 h5 5. Bd3 Bxd3 6. Qxd3 Qa5+ 7. Nd2 e6 8. Ngf3 Qa6 9. c4 Bb4 10. b3 Ne7 11. O-O c5 12. dxc5 Nd7 13. Qc2 Rc8 14. a3 Bxc5 15. Qb1 Ng6 16. cxd5 exd5 17. e6 Qxe6 18. Re1 Nge5 19. Ng5 Bxf2+ 20. Kxf2 Ng4+ 21. Kf1 Nh2+ 22. Kf2 Ng4+ 23. Kf1 Nh2+ 24. Kf2 1/2-1/2

[Event "EWICC 2019"]
[Site "Antalya"]
[Date "2019.04.11"]
[Round "1.9"]
[White "Cramling, Pia"]
[Black "Olsarova, Karolina"]
[Result "1-0"]
[WhiteElo "2460"]
[BlackElo "2264"]
[Annotator "RC"]
[PlyCount "157"]
[EventDate "2019.04.11"]
[EventType "swiss"]
[EventCountry "TUR"]
[SourceTitle "playchess.com"]
[Source "ChessBase"]
[SourceQuality "1"]

1. c4 Nf6 2. Nf3 c6 3. Nc3 d5 4. e3 Bg4 5. Qb3 Qb6 6. Ne5 Be6 7. d4 g6 8. Bd2 Bg7 9. Qa3 Qd8 10. Be2 O-O 11. O-O Nbd7 12. cxd5 Nxd5 13. Nd3 a5 14. Rfd1 b5 15. Nxd5 Bxd5 16. Nf4 Be4 17. Rac1 e5 18. dxe5 Nxe5 19. f3 Bf5 20. e4 Bd7 21. Be3 Re8 22. Qd6 Qf6 23. Qxf6 Bxf6 24. Rc2 Rec8 25. Kf2 Be8 26. Bb6 Rcb8 27. Bc7 Rb7 28. Bd6 Rd7 29. Rcd2 Rad8 30. Ke1 Bg7 31. Nh3 f6 32. f4 Nc4 33. Bxc4+ bxc4 34. Bc7 Rxd2 35. Rxd2 Ra8 36. Nf2 Bf8 37. Bd6 Bg7 38. Nd1 Bf7 39. Nc3 Re8 40. Kd1 Be6 41. Bc7 Bh6 42. g3 Bg4+ 43. Ke1 g5 44. f5 Bxf5 45. Rd8 Bg6 46. Bxa5 Bf8 47. Rxe8 Bxe8 48. Bb6 c5 49. a4 Bc6 50. a5 Bb7 51. Kf2 Kf7 52. Ke3 Ke6 53. Na4 f5 54. Bxc5 Bg7 55. exf5+ Kxf5 56. Bd4 Bf8 57. Nb6 Ba6 58. Nd5 Bd6 59. Bb6 Ke5 60. Nc7 Bxc7 61. Bxc7+ Kd5 62. g4 Bc8 63. h3 Kc5 64. Bd8 Kb4 65. Bxg5 c3 66. Be7+ Kb3 67. bxc3 Kxc3 68. Kf4 Kd4 69. Kg5 Bb7 70. Kh6 Be4 71. a6 Ke5 72. Bb4 Kf6 73. h4 Kf7 74. a7 Kg8 75. Bc3 Bg2 76. h5 Bf3 77. g5 Be4 78. g6 hxg6 79. hxg6 1-0

[Event "EWICC 2019"]
[Site "Antalya"]
[Date "2019.04.11"]
[Round "1.10"]
[White "Heinemann, Josefine"]
[Black "Shuvalova, Polina"]
[Result "0-1"]
[WhiteElo "2257"]
[BlackElo "2457"]
[Annotator "ChessBase"]
[PlyCount "90"]
[EventDate "2019.04.11"]
[EventType "swiss"]
[EventCountry "TUR"]
[SourceTitle "playchess.com"]
[Source "ChessBase"]
[SourceQuality "1"]

1. e4 c6 2. d4 d5 3. e5 Bf5 4. Nf3 e6 5. Be2 Nd7 6. c3 Bg6 7. O-O Nh6 8. Nbd2 Be7 9. a4 a5 10. Re1 O-O 11. Nf1 Nf5 12. Bd3 c5 13. dxc5 Bxc5 14. Ne3 Qb6 15. Rb1 Rfd8 16. h3 Nxe3 17. Bxe3 Be4 18. Bxe4 dxe4 19. Ng5 Bxe3 20. Rxe3 Nxe5 21. Qh5 h6 22. Nxe4 Rd5 23. Rg3 Ng6 24. Qe2 Rad8 25. h4 Kf8 26. c4 Re5 27. Qf3 Nxh4 28. Qf4 Qd4 29. Re1 g5 30. Qg4 h5 31. Qxh5 Rxe4 32. Rxe4 Qxe4 33. Qxg5 Rd1+ 34. Kh2 Ng6 35. Qc5+ Kg7 36. Qxa5 Qh4+ 37. Rh3 Qxf2 38. Qc3+ e5 39. Rf3 Qh4+ 40. Rh3 Qf4+ 41. Rg3 Rc1 42. Qb3 e4 43. a5 Qf1 44. Rg4 Qg1+ 45. Kg3 e3 0-1

[Event "EWICC 2019"]
[Site "Antalya"]
[Date "2019.04.11"]
[Round "1.11"]
[White "Paehtz, Elisabeth"]
[Black "Mamedjarova, Turkan"]
[Result "1-0"]
[WhiteElo "2456"]
[BlackElo "2256"]
[Annotator "ChessBase"]
[PlyCount "73"]
[EventDate "2019.04.11"]
[EventType "swiss"]
[EventCountry "TUR"]
[SourceTitle "playchess.com"]
[Source "ChessBase"]
[SourceQuality "1"]

1. d4 Nf6 2. c4 g6 3. Nf3 Bg7 4. Nc3 d5 5. cxd5 Nxd5 6. Qb3 Nxc3 7. bxc3 O-O 8. e3 c5 9. Be2 Nc6 10. O-O Qb6 11. Ba3 cxd4 12. cxd4 Qxb3 13. axb3 Rd8 14. Bb5 Bf6 15. Bxc6 bxc6 16. Bc5 Be6 17. Nd2 a6 18. Ra4 Bf5 19. e4 Be6 20. f4 Rd7 21. Rfa1 h6 22. Kf2 Rb8 23. R1a3 Rb5 24. Ke3 Kh7 25. h3 Rd8 26. Rxa6 Rxc5 27. dxc5 Bc3 28. Ra2 Bd4+ 29. Ke2 Bxc5 30. Rxc6 Bd6 31. e5 Bb4 32. Rb6 Rd4 33. Nf3 Re4+ 34. Kd3 Bf5 35. Nd4 Rxf4+ 36. Nxf5 gxf5 37. Ra4 1-0

[Event "EWICC 2019"]
[Site "Antalya"]
[Date "2019.04.11"]
[Round "1.12"]
[White "Gevorgyan, Maria"]
[Black "Atalik, Ekaterina"]
[Result "0-1"]
[WhiteElo "2256"]
[BlackElo "2455"]
[Annotator "ChessBase"]
[PlyCount "112"]
[EventDate "2019.04.11"]
[EventType "swiss"]
[EventCountry "TUR"]
[SourceTitle "playchess.com"]
[Source "ChessBase"]
[SourceQuality "1"]

1. e4 c6 2. d4 d5 3. exd5 cxd5 4. Bd3 Nc6 5. c3 Nf6 6. Bf4 g6 7. Nd2 Bg7 8. h3 O-O 9. Ne2 b6 10. g4 Nd7 11. Qa4 Bb7 12. Ba6 Qc8 13. Bxb7 Qxb7 14. Qb5 e5 15. Be3 Na5 16. h4 Nc4 17. Nxc4 dxc4 18. O-O-O Rac8 19. h5 Rfe8 20. hxg6 hxg6 21. Bh6 a6 22. Qa4 exd4 23. Bxg7 Kxg7 24. Nxd4 Ne5 25. Qc2 Nd3+ 26. Kb1 Rh8 27. f3 b5 28. Qd2 Qe7 29. Rhg1 Qf6 30. Qc2 Rce8 31. Qd2 Qe5 32. Rg2 Qe3 33. b3 Qxd2 34. Rgxd2 Re3 35. Rf1 Ne5 36. Kc2 cxb3+ 37. Kxb3 Rc8 38. Rc2 Rc4 39. Kb2 Nd3+ 40. Kb1 Nc5 41. f4 Na4 42. Nb3 Nxc3+ 43. Ka1 Nd5 44. Rcf2 Rg3 45. g5 Ne3 46. Rh1 Rg2 47. Rf3 Nc2+ 48. Kb1 Na3+ 49. Ka1 Rcc2 50. Nc1 b4 51. Rfh3 Rb2 52. Rb3 Rxb3 53. axb3 Nb5 54. Na2 a5 55. Kb1 Rf2 56. Rh4 Na3+ 0-1

[Event "EWICC 2019"]
[Site "Antalya"]
[Date "2019.04.11"]
[Round "1.13"]
[White "Pogonina, Natalija"]
[Black "Rakhmangulova, Anastasiya"]
[Result "1-0"]
[WhiteElo "2455"]
[BlackElo "2255"]
[Annotator "ChessBase"]
[PlyCount "91"]
[EventDate "2019.04.11"]
[EventType "swiss"]
[EventCountry "TUR"]
[SourceTitle "playchess.com"]
[Source "ChessBase"]
[SourceQuality "1"]

1. d4 d5 2. c4 c6 3. Nf3 Nf6 4. Nbd2 Bf5 5. Nh4 Be6 6. e3 g5 7. Nhf3 g4 8. Ne5 Nbd7 9. Nd3 h5 10. Nf4 Bf5 11. cxd5 cxd5 12. Qb3 Nb6 13. a4 Bh6 14. a5 Nc8 15. Qxb7 Nd6 16. Qb3 Rb8 17. Qa3 Bxf4 18. exf4 Qc7 19. Bd3 Nb5 20. Bxb5+ Rxb5 21. O-O O-O 22. Re1 e6 23. Nf1 Rfb8 24. Re3 Rb4 25. Rc3 Qd7 26. Ng3 Rxd4 27. Be3 Rdb4 28. Nxf5 exf5 29. Rd3 Rxb2 30. Bd4 Rb1+ 31. Rd1 Rxa1 32. Qxa1 Ne8 33. Be5 Rb5 34. Qc3 Qb7 35. h3 Rb1 36. Rxb1 Qxb1+ 37. Kh2 Qb7 38. Qd3 Qd7 39. a6 f6 40. Bd4 Qc7 41. Qxf5 Kf8 42. Qxd5 gxh3 43. Kxh3 Qc8+ 44. Kh2 h4 45. Bxa7 Qc7 46. Be3 1-0

[Event "EWICC 2019"]
[Site "Antalya"]
[Date "2019.04.11"]
[Round "1.14"]
[White "Chernyak, Viktoria"]
[Black "Batsiashvili, Nino"]
[Result "0-1"]
[WhiteElo "2252"]
[BlackElo "2453"]
[Annotator "ChessBase"]
[PlyCount "88"]
[EventDate "2019.04.11"]
[EventType "swiss"]
[EventCountry "TUR"]
[SourceTitle "playchess.com"]
[Source "ChessBase"]
[SourceQuality "1"]

1. c4 g6 2. d4 Bg7 3. Nf3 c5 4. d5 d6 5. e4 e6 6. Nc3 exd5 7. cxd5 Nf6 8. Bd3 O-O 9. O-O a6 10. a4 Bg4 11. h3 Bxf3 12. Qxf3 Nbd7 13. Qd1 Re8 14. Re1 Rc8 15. Bg5 c4 16. Bf1 h6 17. Bf4 Nc5 18. Qc2 Nb3 19. Rad1 Qc7 20. Be3 Nd7 21. f4 Qa5 22. Kh1 b5 23. axb5 axb5 24. Be2 b4 25. Nb1 Na1 26. Qc1 Rxe4 27. Bd3 Nb3 28. Qc2 Nd4 29. Qc1 Rxe3 30. Rxe3 Nb6 31. Bf1 Qxd5 32. Ree1 Qc5 33. Qe3 d5 34. Qg3 Nf5 35. Qf3 Bxb2 36. g4 Nh4 37. Qg3 g5 38. fxg5 hxg5 39. Nd2 Bg7 40. Re2 b3 41. Nxb3 cxb3 42. Qxb3 d4 43. Qg3 Nd5 44. Rf2 Ne3 0-1

[Event "EWICC 2019"]
[Site "Antalya"]
[Date "2019.04.11"]
[Round "1.15"]
[White "Socko, Monika"]
[Black "Gajcin, Marina"]
[Result "1/2-1/2"]
[WhiteElo "2447"]
[BlackElo "2247"]
[Annotator "ChessBase"]
[PlyCount "92"]
[EventDate "2019.04.11"]
[EventType "swiss"]
[EventCountry "TUR"]
[SourceTitle "playchess.com"]
[Source "ChessBase"]
[SourceQuality "1"]

1. d4 Nf6 2. c4 g6 3. Nf3 Bg7 4. g3 O-O 5. Bg2 d5 6. cxd5 Nxd5 7. O-O Nc6 8. Nc3 Nb6 9. d5 Na5 10. Qc2 Bd7 11. Rd1 c6 12. dxc6 Nxc6 13. Be3 Nc4 14. Bf4 Qc8 15. Nd5 Nxb2 16. Rdb1 e6 17. Qxc6 Bxc6 18. Ne7+ Kh8 19. Nxc8 Raxc8 20. Rc1 Nc4 21. Rab1 Bd5 22. Rb4 Nb6 23. Ng5 Bxg2 24. Rxc8 Rxc8 25. Kxg2 Kg8 26. Be3 Bf8 27. Rb5 Rc2 28. a4 Rxe2 29. Kf3 Ra2 30. a5 Nc4 31. Rxb7 Rxa5 32. Ne4 Nxe3 33. fxe3 Kg7 34. g4 h6 35. h4 g5 36. hxg5 hxg5 37. Ng3 Ra3 38. Nh5+ Kg6 39. Rb8 f5 40. Rxf8 fxg4+ 41. Kxg4 Ra4+ 42. e4 Rxe4+ 43. Kf3 Ra4 44. Ng3 g4+ 45. Ke3 Ra3+ 46. Kf2 Rf3+ 1/2-1/2

[Event "EWICC 2019"]
[Site "Antalya"]
[Date "2019.04.11"]
[Round "1.16"]
[White "Rodshtein, Tereza"]
[Black "Bulmaga, Irina"]
[Result "0-1"]
[WhiteElo "2234"]
[BlackElo "2438"]
[Annotator "NA"]
[PlyCount "110"]
[EventDate "2019.04.11"]
[EventType "swiss"]
[EventCountry "TUR"]
[SourceTitle "playchess.com"]
[Source "ChessBase"]
[SourceQuality "1"]

1. Nf3 Nf6 2. g3 d5 3. Bg2 e6 4. d3 c5 5. Nbd2 Nc6 6. e4 Be7 7. O-O b6 8. e5 Nd7 9. Re1 Qc7 10. Qe2 Bb7 11. Nf1 h6 12. c3 g5 13. h3 O-O-O 14. Bd2 Rde8 15. b4 f6 16. exf6 Bxf6 17. b5 Nd8 18. d4 Nf7 19. Qd3 Nd6 20. a4 Kb8 21. Ne3 Ne4 22. Bc1 Rhf8 23. Re2 Bg7 24. Bb2 e5 25. Nd2 c4 26. Qc2 exd4 27. cxd4 c3 28. Rc1 Bxd4 29. Nxe4 dxe4 30. Bxc3 Bxc3 31. Qxc3 Qxc3 32. Rxc3 Ne5 33. g4 Nf3+ 34. Bxf3 Rxf3 35. Kg2 Ref8 36. Rd2 h5 37. Rc4 hxg4 38. hxg4 R3f4 39. Kg1 Bc8 40. Rcd4 Bxg4 41. Nd5 e3 42. fxe3 Rxd4 43. Rxd4 Bf3 44. Nb4 Bb7 45. Rd7 Re8 46. Kf2 Re4 47. Rd4 Rxd4 48. exd4 g4 49. Kg3 Bf3 50. d5 Kc7 51. Nc6 Bxd5 52. Nxa7 Bf3 53. Kf4 Kb7 54. Nc6 Bxc6 55. Kxg4 Bxb5 0-1

[Event "EWICC 2019"]
[Site "Antalya"]
[Date "2019.04.11"]
[Round "1.17"]
[White "Mammadzada, Gunay"]
[Black "Abdulla, Khayala"]
[Result "1/2-1/2"]
[WhiteElo "2438"]
[BlackElo "2228"]
[Annotator "NA"]
[PlyCount "142"]
[EventDate "2019.04.11"]
[EventType "swiss"]
[EventCountry "TUR"]
[SourceTitle "playchess.com"]
[Source "ChessBase"]
[SourceQuality "1"]

1. e4 c5 2. Nf3 Nf6 3. e5 Nd5 4. Nc3 e6 5. Nxd5 exd5 6. d4 Nc6 7. dxc5 Bxc5 8. Qxd5 d6 9. exd6 Qb6 10. Qe4+ Be6 11. Be3 Qxb2 12. d7+ Kd8 13. Rd1 Qb4+ 14. Nd2 Bxd7 15. Qxb4 Bxb4 16. Bc4 Ne5 17. Bd5 Rc8 18. O-O Rxc2 19. Bb3 Rc6 20. Bxa7 b6 21. Bb8 Re8 22. Ne4 Kc8 23. Bd6 Nc4 24. Bxb4 Rxe4 25. f3 Re5 26. Kf2 f6 27. Rc1 b5 28. Bf8 g6 29. Rfe1 Rxe1 30. Rxe1 Ne5 31. Kg3 g5 32. Bh6 Kd8 33. Bxg5 Nxf3 34. Bxf6+ Rxf6 35. gxf3 Rg6+ 36. Kf4 Rf6+ 37. Ke3 Ke7 38. Re2 Bc6 39. f4 Rh6 40. Kf2+ Kd6 41. Kg3 Rg6+ 42. Kf2 Rh6 43. Ke3 Rh3+ 44. Kd4 Rh6 45. f5 Rh4+ 46. Kd3 Rh3+ 47. Kd2 Rf3 48. Re6+ Kc5 49. f6 Bd7 50. Re7 Kd6 51. Rf7 h6 52. Rf8 Be6 53. Ke2 Bg4 54. Kd2 Be6 55. f7 Bxb3 56. Rd8+ Ke7 57. f8=Q+ Rxf8 58. Rxf8 Kxf8 59. axb3 Ke7 60. Kc3 Kd6 61. Kb4 Kc6 62. Ka5 h5 63. b4 h4 64. h3 Kc7 65. Kxb5 Kb7 66. Kc5 Kc7 67. Kd5 Kb6 68. Ke5 Kb5 69. Kf5 Kxb4 70. Kg5 Kc5 71. Kxh4 Kd6 1/2-1/2

[Event "EWICC 2019"]
[Site "Antalya"]
[Date "2019.04.11"]
[Round "1.18"]
[White "Semenova, Elena"]
[Black "Hoang, Thanh Trang"]
[Result "1/2-1/2"]
[WhiteElo "2216"]
[BlackElo "2435"]
[Annotator "TA"]
[PlyCount "51"]
[EventDate "2019.04.11"]
[EventType "swiss"]
[EventCountry "TUR"]
[SourceTitle "playchess.com"]
[Source "ChessBase"]
[SourceQuality "1"]

1. e4 e6 2. d4 d5 3. Nc3 Nf6 4. Bg5 dxe4 5. Nxe4 Nbd7 6. Nxf6+ Nxf6 7. Bxf6 Qxf6 8. Bb5+ c6 9. Bc4 Bd6 10. Nf3 O-O 11. Qe2 c5 12. O-O-O Rb8 13. Kb1 b5 14. Bxb5 cxd4 15. Nxd4 Bc5 16. c3 Bxd4 17. Rxd4 Qg6+ 18. Bd3 Qxg2 19. Qe4 Qxe4 20. Bxe4 e5 21. Rd6 Be6 22. Rhd1 Rfc8 23. Bb7 Rf8 24. Be4 Rfc8 25. Bb7 Rf8 26. Be4 1/2-1/2

[Event "EWICC 2019"]
[Site "Antalya"]
[Date "2019.04.11"]
[Round "1.19"]
[White "Ushenina, Anna"]
[Black "Paramzina, Anastasya"]
[Result "1-0"]
[WhiteElo "2432"]
[BlackElo "2214"]
[Annotator "NA"]
[PlyCount "153"]
[EventDate "2019.04.11"]
[EventType "swiss"]
[EventCountry "TUR"]
[SourceTitle "playchess.com"]
[Source "ChessBase"]
[SourceQuality "1"]

1. d4 Nf6 2. c4 g6 3. Nf3 Bg7 4. g3 c5 5. Bg2 O-O 6. Nc3 cxd4 7. Nxd4 Nc6 8. O-O Qa5 9. e3 d6 10. Bd2 Qb6 11. Na4 Qc7 12. Nxc6 bxc6 13. e4 Ba6 14. Rc1 Nd7 15. b3 Ne5 16. Rc3 Qc8 17. f4 Ng4 18. Rd3 f5 19. Bc3 c5 20. Bxg7 Kxg7 21. Re1 Re8 22. h3 fxe4 23. Bxe4 Nf6 24. Bxa8 Qxa8 25. Nc3 Qc8 26. Kh2 h5 27. Rde3 Qd7 28. Qe2 Kf7 29. Ne4 Nxe4 30. Rxe4 Bc8 31. f5 Kf8 32. Rh4 e5 33. fxe6 Rxe6 34. Qxe6 Qxe6 35. Rxe6 Bxe6 36. Re4 Kf7 37. g4 hxg4 38. hxg4 g5 39. Kg3 a5 40. Kf2 Bd7 41. Kg3 Kf6 42. Re2 Bc6 43. Rh2 Be4 44. Kf2 Bb1 45. Ke3 Ke5 46. a3 Bg6 47. Rh8 Bc2 48. Re8+ Kf6 49. Rb8 Bd1 50. Rb5 a4 51. bxa4 Bxa4 52. Ra5 Bd1 53. Ra6 Ke5 54. a4 Bxg4 55. a5 Be6 56. Kd3 g4 57. Ra7 d5 58. a6 dxc4+ 59. Ke3 c3 60. Rg7 c2 61. Rg5+ Kd6 62. Kd2 Kc7 63. Kxc2 Kb8 64. Kc3 g3 65. Rxg3 Bd5 66. Rg5 Bf3 67. Kc4 Ka7 68. Kb5 Be2+ 69. Ka5 Bxa6 70. Rg7+ Bb7 71. Rc7 c4 72. Rxc4 Bd5 73. Rc7+ Bb7 74. Rd7 Ka8 75. Kb6 Bc8 76. Rd8 Kb8 77. Re8 1-0

[Event "EWICC 2019"]
[Site "Antalya"]
[Date "2019.04.11"]
[Round "1.20"]
[White "Toma, Katarzyna"]
[Black "Tsolakidou, Stavroula"]
[Result "0-1"]
[WhiteElo "2211"]
[BlackElo "2429"]
[Annotator "ChessBase"]
[PlyCount "72"]
[EventDate "2019.04.11"]
[EventType "swiss"]
[EventCountry "TUR"]
[SourceTitle "playchess.com"]
[Source "ChessBase"]
[SourceQuality "1"]

1. e4 c5 2. Nf3 d6 3. d4 cxd4 4. Nxd4 Nf6 5. Nc3 a6 6. Be2 e5 7. Nb3 Be7 8. a4 Nc6 9. Be3 O-O 10. g4 Be6 11. g5 Nd7 12. h4 Nb4 13. Nd5 Nxd5 14. exd5 Bf5 15. Bg4 Bxg4 16. Qxg4 Rc8 17. O-O-O Qc7 18. Rd2 Qc4 19. Qxc4 Rxc4 20. a5 f6 21. Rdd1 Bd8 22. Rdg1 Ra4 23. Rg2 Bxa5 24. gxf6 Nxf6 25. Rhg1 g6 26. Rg5 Kf7 27. Rf1 Bd8 28. f4 Nxd5 29. fxe5+ Kg7 30. Rxf8 Bxg5 31. Bxg5 Kxf8 32. exd6 Nb6 33. Nc5 Ra1+ 34. Kd2 Nc4+ 35. Ke2 Nxd6 36. Bf4 Ke7 0-1